Viktor Krupa - 75

Bibliographic Details
Format: Article
Language:Slovak
PhysicalDescription:Fotogr.
ISSN:1335-7786
Subjects:

MARC

LEADER 00000nab a2200000 a 4500
001 vtls010479116
003 SK-MaSNL
005 20260303090337.0
008 121214 2011 xo 000 0 slo
015 |a SNBRB2012/07 
038 |a SNKBUCL 
040 |a SNKBUCL  |b slo  |e AACR2 
041 0 |a slo 
044 |a xo  |c SK 
080 |a [80(=2/=6)+908(5)]-051  |2 2001 
245 0 0 |a Viktor Krupa - 75  |c [autor] ŠAH 
300 |b Fotogr. 
600 1 7 |a Krupa, Viktor,  |d 1936-2021  |2 snkbucl  |9 5206 
655 7 |a profily  |2 snkbucl  |9 341977 
773 0 |t Slovenské pohľady  |g Roč. IV.+127, č. 12 (2011), s. 158  |x 1335-7786 
958 |a LX 
958 |a BX 
999 |c 1802921  |d 1804851